000
00219nam a22000857a 4500
001
1235195
005
20250930111142.0
245
_a
DİKDATÖRLÜK VE DEMOKRASİ
_c
BRIGITTE LABBE
260
_b
GÜNIŞIĞI KİTAPLIĞI YAYINLARI
999
_c
1235195
_d
1235195